La violencia en Colombia / (Registro nro. 3825)

Detalles MARC
000 -LEADER
fixed length control field 01480nam a2200313Ia 4500
003 - CONTROL NUMBER IDENTIFIER
control field OSt
005 - DATE AND TIME OF LATEST TRANSACTION
control field 20200420175743.0
008 - FIXED-LENGTH DATA ELEMENTS--GENERAL INFORMATION
fixed length control field 191128s2005 ck ao gr 000 0dspa d
020 ## - INTERNATIONAL STANDARD BOOK NUMBER
International Standard Book Number 9789589219065
040 ## - CATALOGING SOURCE
Original cataloging agency CO-JMCR
Transcribing agency CO-JMCR
041 0# - LANGUAGE CODE
Language code of text/sound track or separate title spa
082 04 - DEWEY DECIMAL CLASSIFICATION NUMBER
Classification number 303.62 /
Item number G993v
100 1# - MAIN ENTRY--PERSONAL NAME
Personal name Guzmán Campos, Germán,
Relator term autor
9 (RLIN) 3318
245 13 - TITLE STATEMENT
Title La violencia en Colombia /
Statement of responsibility, etc. Germán Guzmán Campos, Orlando Fals Borda, Eduardo Umaña Luna
250 ## - EDITION STATEMENT
Edition statement Segunda edición
260 ## - PUBLICATION, DISTRIBUTION, ETC.
Place of publication, distribution, etc. Bogotá :
Name of publisher, distributor, etc. Taurus,
Date of publication, distribution, etc. 2005
300 ## - PHYSICAL DESCRIPTION
Extent xxxix, 464 páginas :
Other physical details fotografías a color ;
Dimensions 24 cm.
490 0# - SERIES STATEMENT
Series statement Historia
500 ## - GENERAL NOTE
General note Incluye datos biográficos de los autores páginas v-xxxix.
504 ## - BIBLIOGRAPHY, ETC. NOTE
Bibliography, etc. note Bibliografía: páginas 461-464.
505 ## - FORMATTED CONTENTS NOTE
Formatted contents note Historía y geografía de la violencia -- Elementos estructurales del conflicto -- Sociología de la violencia
520 ## - SUMMARY, ETC.
Summary, etc. En 1958, bajo el gobierno de la Junta Militar, se creó una comisión encargada de establecer las causas de la violencia en Colombia. De esta comisión fue parte monseñor Germán Guzman, párroco de el Líbano (Tolima), una de las zonas más afectadas.
650 14 - SUBJECT ADDED ENTRY--TOPICAL TERM
Topical term or geographic name entry element Violencia
General subdivision Historia
Chronological subdivision 1930-1958
Geographic subdivision Colombia
9 (RLIN) 3319
650 24 - SUBJECT ADDED ENTRY--TOPICAL TERM
Topical term or geographic name entry element Conflicto armado
General subdivision Historia
Chronological subdivision 1930-1958
Geographic subdivision Colombia
9 (RLIN) 3320
650 24 - SUBJECT ADDED ENTRY--TOPICAL TERM
Topical term or geographic name entry element Guerrillas
General subdivision Historia
Chronological subdivision 1930-1958
Geographic subdivision Colombia
9 (RLIN) 3321
650 24 - SUBJECT ADDED ENTRY--TOPICAL TERM
Topical term or geographic name entry element Niños y violencia
General subdivision Historia
Chronological subdivision 1930-1958
Geographic subdivision Colombia
9 (RLIN) 3322
700 1# - ADDED ENTRY--PERSONAL NAME
Personal name Umaña Luna, Pedro Eduardo,
Relator term autor
9 (RLIN) 3323
942 ## - ADDED ENTRY ELEMENTS (KOHA)
Source of classification or shelving scheme Dewey Decimal Classification
Koha item type Books
Existencias
Withdrawn status Lost status Source of classification or shelving scheme Materials specified (bound volume or other part) Damaged status Not for loan Home library Current library Shelving location Date acquired Source of acquisition Cost, normal purchase price Total Checkouts Full call number Barcode Date last seen Date last checked out Copy number Price effective from Koha item type
    Dewey Decimal Classification Donación--01/12/2017--     Biblioteca Pública José María del Castillo y Rada Biblioteca Pública José María del Castillo y Rada General Stacks 11/28/2019 Donación 0.00 1 303.62 / G993v 201808319 05/16/2024 05/08/2024 T.1 / Ej.1 11/28/2019 Books